| 000 | 00361nam a22001337a 4500 | ||
|---|---|---|---|
| 999 |
_c534166 _d534166 |
||
| 020 | _a978-9693501070 | ||
| 040 | _cMSOHAIL | ||
| 082 | _a070.442 | ||
| 100 |
_aMustansar Hussain Tarar _99703 |
||
| 245 | _aUllu Hamaray Bhai Hain / الو ہمارے بھائی ہیں | ||
| 260 |
_aLahore _b Sang-e-Meel Publications _c2007 |
||
| 300 | _a276;p | ||
| 942 |
_2ddc _cBK |
||